[Event "RUS-chT 31th"]
[Site "Sochi"]
[Date "2024.05.03"]
[Round "3.27"]
[White "Sargissian, Gabriel"]
[Black "Chos, Alexey"]
[Result "1/2-1/2"]
[WhiteElo "2671"]
[BlackElo "2296"]
[PlyCount "206"]
[EventDate "2024.05.01"]
[EventType "team-tourn"]
[EventRounds "9"]
[EventCountry "RUS"]
[SourceTitle "CB20_2024"]
[SourceDate "2024.05.16"]
[SourceVersion "1"]
[SourceVersionDate "2024.05.16"]
[SourceQuality "1"]
[WhiteTeam "Moscow KPRF"]
[BlackTeam "Kimmeriya"]
[WhiteTeamCountry "RUS"]
[BlackTeamCountry "RUS"]

1. d4 d6 2. Nf3 Nd7 3. c4 g6 4. Nc3 Bg7 5. e4 e5 6. Be2 Ngf6 7. 0-0 0-0 8. Re1 a5 9. Bf1 Re8 10. Rb1 exd4 11. Nxd4 Nc5 12. f3 h5 13. Be3 Nfd7 14. Qd2 Ne5 15. Rbd1 Be6 16. b3 Kh7 17. Qc2 Qh4 18. Qc1 Qe7 19. Qc2 c6 20. h3 g5 21. Nd5 cxd5 22. exd5+ Ng6 23. dxe6 Bxd4 24. Bxd4 fxe6 25. Bxc5 dxc5 26. Bd3 Rg8 27. Bf5 Ra6 28. Qe4 exf5 29. Qxe7+ Nxe7 30. Rxe7+ Rg7 31. Re5 Rf6 32. Rdd5 Kg6 33. Rxc5 b6 34. Rcd5 a4 35. bxa4 Rc7 36. c5 bxc5 37. Rxc5 Rd7 38. Red5 Re7 39. Re5 Rd7 40. Red5 Re7 41. Kf2 g4 42. hxg4 hxg4 43. fxg4 fxg4+ 44. Kg3 Re3+ 45. Kxg4 Re4+ 46. Kh3 Rxa4 47. Ra5 Rc4 48. Rg5+ Kh6 49. Rg4 Rc1 50. Ra8 Kh7 51. Ra7+ Kh8 52. Rh4+ Kg8 53. Rb4 Rh6+ 54. Kg4 Rc8 55. Kg5 Rh2 56. g4 Kh8 57. Rb6 Rg2 58. Kh4 Rh2+ 59. Kg3 Rd2 60. Rb4 Rd3+ 61. Kh4 Rd1 62. a4 Rh1+ 63. Kg3 Rg1+ 64. Kf2 Rxg4 65. Rxg4 Rc2+ 66. Kg3 Rc3+ 67. Kh4 Rh3+ 68. Kg5 Rh5+ 69. Kg6 Rh6+ 70. Kf7 Rf6+ 71. Ke7 Re6+ 72. Kf8 Re8+ 73. Kf7 Rf8+ 74. Ke7 Re8+ 75. Kf7 Rf8+ 76. Kg6 Rf6+ 77. Kg5 Rf5+ 78. Kh4 Rh5+ 79. Kg3 Rh3+ 80. Kf4 Rf3+ 81. Ke4 Re3+ 82. Kd5 Re5+ 83. Kc6 Re6+ 84. Kc7 Rc6+ 85. Kb7 Rb6+ 86. Kc7 Rc6+ 87. Kb8 Rc8+ 88. Kb7 Rb8+ 89. Kc6 Rb6+ 90. Kc5 Rb5+ 91. Kd6 Rb6+ 92. Ke5 Re6+ 93. Kd4 Rd6+ 94. Kc3 Rd3+ 95. Kc4 Rc3+ 96. Kb5 Rc5+ 97. Kb6 Rc6+ 98. Kb7 Rb6+ 99. Kc8 Rb8+ 100. Kc7 Rc8+ 101. Kb6 Rc6+ 102. Kb5 Rc5+ 103. Kb4 Rb5+ 1/2-1/2

[Event "Chessable Play In Match D3"]
[Site "Chess.com INT"]
[Date "2024.02.01"]
[Round "1.3"]
[White "Lupulescu, Constantin"]
[Black "Sargissian, Gabriel"]
[Result "1/2-1/2"]
[WhiteElo "2589"]
[BlackElo "2671"]
[PlyCount "138"]
[EventDate "2024.02.01"]
[EventType "k.o. (rapid)"]
[EventRounds "1"]
[EventCountry "USA"]
[SourceTitle "CB06_2024"]
[SourceDate "2024.02.07"]
[SourceVersion "1"]
[SourceVersionDate "2024.02.07"]
[SourceQuality "1"]

1. c4 e6 2. Nc3 d5 3. d4 Nf6 4. cxd5 exd5 5. Bf4 Bd6 6. Bxd6 Qxd6 7. e3 Bf5 8. Nge2 0-0 9. Ng3 Be4 10. Ngxe4 Nxe4 11. Bd3 Nf6 12. 0-0 c6 13. f3 Nbd7 14. Qd2 Rad8 15. Rad1 Rfe8 16. Qf2 Nf8 17. Rfe1 Ne6 18. Bb1 a6 19. a3 Qc7 20. b4 a5 21. Qb2 axb4 22. axb4 h5 23. Na4 b5 24. Nc3 Qd6 25. Bf5 Nc7 26. Na2 g6 27. Bb1 Nd7 28. e4 dxe4 29. fxe4 Nb6 30. Nc1 Nc4 31. Qc3 Ra8 32. Bd3 Ra3 33. Nb3 Na6 34. Bxc4 bxc4 35. Qxc4 Qxb4 36. Qxc6 Rd8 37. Nc5 Nxc5 38. Qxc5 Qxc5 39. dxc5 Rc8 40. Rc1 Ra5 41. c6 Ra6 42. Kf2 Raxc6 43. Rxc6 Rxc6 44. Re2 Kg7 45. Ke3 Kf6 46. Rd2 Rc3+ 47. Kd4 Ra3 48. Rf2+ Ke6 49. Rb2 Ra4+ 50. Ke3 Ra5 51. Kd4 Ra6 52. Ke3 Ra3+ 53. Kd4 h4 54. h3 Rg3 55. Rf2 f6 56. Ra2 g5 57. Rb2 Kf7 58. Rf2 Kg6 59. e5 fxe5+ 60. Kxe5 Re3+ 61. Kd4 Re1 62. Kd3 g4 63. hxg4 Kg5 64. Re2 Rf1 65. Ke3 Kxg4 66. Rf2 Re1+ 67. Re2 Rf1 68. Rf2 Re1+ 69. Re2 Rf1 1/2-1/2

[Event "BCF-chT 2324 (4NCL)"]
[Site "England"]
[Date "2024.01.14"]
[Round "4.1"]
[White "Sargissian, Gabriel"]
[Black "Peralta, Fernando"]
[Result "1/2-1/2"]
[WhiteElo "2672"]
[BlackElo "2568"]
[PlyCount "31"]
[EventDate "2023.11.11"]
[EventType "team-tourn"]
[EventRounds "11"]
[EventCountry "ENG"]
[SourceTitle "CB11_2024"]
[SourceDate "2024.03.13"]
[SourceVersion "1"]
[SourceVersionDate "2024.03.13"]
[SourceQuality "1"]
[WhiteTeam "Manx Liberty"]
[BlackTeam "Cheddleton"]
[WhiteTeamCountry "ENG"]
[BlackTeamCountry "ENG"]

1. d4 Nf6 2. c4 e6 3. Nf3 d5 4. Nc3 dxc4 5. e4 b5 6. e5 Nd5 7. Nxb5 Nb6 8. Be3 Nc6 9. a3 Qd7 10. Nc3 Bb7 11. Qc2 Ne7 12. Be2 Nf5 13. Rd1 Be7 14. 0-0 0-0 15. Ne4 Qa4 16. Qb1 1/2-1/2

[Event "FIDE Grand Swiss"]
[Site "Douglas"]
[Date "2023.11.05"]
[Round "11"]
[White "Gledura, Benjamin"]
[Black "Sargissian, Gabriel"]
[Result "1/2-1/2"]
[WhiteElo "2633"]
[BlackElo "2686"]
[PlyCount "43"]
[EventDate "2023.10.25"]
[EventType "swiss"]
[EventRounds "11"]
[EventCountry "IOM"]
[SourceTitle "Mega2024 Update 01"]
[Source "Chessbase"]
[SourceDate "2023.11.12"]
[SourceVersion "1"]
[SourceVersionDate "2023.11.12"]
[SourceQuality "1"]

1. e4 e5 2. Nf3 Nc6 3. Bc4 Nf6 4. d3 Bc5 5. c3 d6 6. 0-0 a5 7. Re1 0-0 8. h3 Be6 9. Bb5 Ba7 10. Be3 Bxe3 11. Rxe3 Ne7 12. d4 Ng6 13. Bf1 h5 14. c4 Nh7 15. Nc3 Ng5 16. d5 Bd7 17. Nxg5 Qxg5 18. Nb5 Rac8 19. Na7 Ra8 20. Nb5 Rac8 21. Na7 Ra8 22. Nb5 1/2-1/2

[Event "FIDE Grand Swiss"]
[Site "Douglas"]
[Date "2023.11.02"]
[Round "8"]
[White "Sargissian, Gabriel"]
[Black "Warmerdam, Max"]
[Result "1/2-1/2"]
[WhiteElo "2686"]
[BlackElo "2636"]
[PlyCount "125"]
[EventDate "2023.10.25"]
[EventType "swiss"]
[EventRounds "11"]
[EventCountry "IOM"]
[SourceTitle "Mega2024 Update 01"]
[Source "Chessbase"]
[SourceDate "2023.11.12"]
[SourceVersion "1"]
[SourceVersionDate "2023.11.12"]
[SourceQuality "1"]

1. d4 Nf6 2. c4 e6 3. Nf3 d5 4. Nc3 c5 5. cxd5 cxd4 6. Qxd4 exd5 7. Bg5 Be7 8. e3 0-0 9. Rd1 Be6 10. Bd3 h6 11. Bh4 Qa5 12. Bb1 Qa6 13. Qd3 Qxd3 14. Bxd3 Nc6 15. Bc2 g5 16. Bg3 Rfd8 17. 0-0 Ne4 18. Ne2 Bf6 19. Nfd4 Rac8 20. Bb1 Nxg3 21. hxg3 Be5 22. f4 Bf6 23. Kf2 Bg4 24. Rd2 Bxe2 25. Nxe2 d4 26. e4 d3 27. Rxd3 Rxd3 28. Bxd3 Rd8 29. Bc4 Rd2 30. Ke3 Rxb2 31. Rd1 b5 32. Bb3 Na5 33. Bd5 Bd8 34. Rd2 Bb6+ 35. Kd3 Rb4 36. Rc2 Ra4 37. e5 Kg7 38. f5 Nc4 39. Bxc4 bxc4+ 40. Rxc4 Rxa2 41. g4 Ra3+ 42. Nc3 Ba5 43. Kd4 Bxc3+ 44. Rxc3 Rxc3 45. Kxc3 Kf8 46. Kb4 Ke7 47. Kb5 Kd7 48. Ka6 Kc6 49. Kxa7 Kd5 50. Kb6 Kxe5 51. Kc6 Kf4 52. Kd6 Kxg4 53. f6 Kf5 54. Ke7 Kg6 55. g4 h5 56. gxh5+ Kh7 57. Kxf7 g4 58. Ke6 g3 59. f7 g2 60. f8Q g1Q 61. Qf5+ Kh6 62. Qf6+ Kh7 63. Qf5+ 1/2-1/2

[Event "FIDE Grand Swiss"]
[Site "Douglas"]
[Date "2023.10.28"]
[Round "4"]
[White "Kuzubov, Yuriy"]
[Black "Sargissian, Gabriel"]
[Result "1-0"]
[WhiteElo "2625"]
[BlackElo "2686"]
[PlyCount "87"]
[EventDate "2023.10.25"]
[EventType "swiss"]
[EventRounds "11"]
[EventCountry "IOM"]
[SourceTitle "Mega2024 Update 01"]
[Source "Chessbase"]
[SourceDate "2023.11.12"]
[SourceVersion "1"]
[SourceVersionDate "2023.11.12"]
[SourceQuality "1"]

1. d4 d5 2. c4 e6 3. Nf3 Nf6 4. Nc3 Be7 5. cxd5 exd5 6. Bf4 c6 7. e3 Nh5 8. Qc2 Nxf4 9. exf4 Bd6 10. g3 Nd7 11. Bd3 Nf6 12. 0-0-0 0-0 13. Ne5 Qa5 14. Kb1 Kh8 15. f3 Be6 16. f5 Bd7 17. Rhe1 Rae8 18. g4 Qd8 19. Qg2 Ng8 20. Qh3 Bc8 21. Qh5 Nf6 22. Qh3 Ng8 23. f4 Bb4 24. Bc2 Bxc3 25. bxc3 Nf6 26. g5 Ne4 27. Bxe4 dxe4 28. Nxf7+ Rxf7 29. g6 h6 30. gxf7 Re7 31. Qh5 Qf8 32. f6 Rxf7 33. fxg7+ Kxg7 34. Rg1+ Kh7 35. d5 cxd5 36. Rxd5 Rf6 37. Qe5 Rxf4 38. Rd8 Rf1+ 39. Rxf1 Qxf1+ 40. Kb2 Bf5 41. Rd6 Qg2+ 42. Ka3 Qg5 43. Rd1 Qg6 44. Rd5 1-0

[Event "POL-chT Ekstraliga"]
[Site "Lublin"]
[Date "2023.09.21"]
[Round "4.1"]
[White "Wojtaszek, Radoslaw"]
[Black "Sargissian, Gabriel"]
[Result "1/2-1/2"]
[WhiteElo "2675"]
[BlackElo "2692"]
[PlyCount "41"]
[EventDate "2023.09.18"]
[EventType "team-tourn"]
[EventRounds "9"]
[EventCountry "POL"]
[SourceTitle "EXT 2024"]
[Source "ChessBase"]
[SourceDate "2023.10.10"]
[SourceVersion "1"]
[SourceVersionDate "2023.10.10"]
[SourceQuality "1"]
[WhiteTeam "Bydgoszcz Energia Gwiazda"]
[BlackTeam "Gliwice Akademia Szachowa"]
[WhiteTeamCountry "POL"]
[BlackTeamCountry "POL"]

1. c4 e6 2. g3 d5 3. Bg2 Nf6 4. Nf3 Be7 5. 0-0 0-0 6. d4 dxc4 7. Qc2 a6 8. a4 Bd7 9. Qxc4 Bc6 10. Bg5 Nbd7 11. Nc3 h6 12. Bxf6 Nxf6 13. a5 Qd6 14. Rfc1 Rac8 15. e3 Rfd8 16. Qe2 Bf8 17. h4 Qe7 18. Rd1 Qd6 19. Rdc1 Qe7 20. Rd1 Qd6 21. Rdc1 1/2-1/2

[Event "POL-chT Ekstraliga"]
[Site "Lublin"]
[Date "2023.09.18"]
[Round "1.4"]
[White "Nguyen, Thai Dai Van"]
[Black "Sargissian, Gabriel"]
[Result "1/2-1/2"]
[WhiteElo "2606"]
[BlackElo "2692"]
[PlyCount "59"]
[EventDate "2023.09.18"]
[EventType "team-tourn"]
[EventRounds "9"]
[EventCountry "POL"]
[SourceTitle "EXT 2024"]
[Source "ChessBase"]
[SourceDate "2023.10.10"]
[SourceVersion "1"]
[SourceVersionDate "2023.10.10"]
[SourceQuality "1"]
[WhiteTeam "Plock Hetman"]
[BlackTeam "Gliwice Akademia Szachowa"]
[WhiteTeamCountry "POL"]
[BlackTeamCountry "POL"]

1. c4 e6 2. Nc3 d5 3. d4 Nf6 4. cxd5 exd5 5. Bg5 c6 6. e3 h6 7. Bh4 Be7 8. Bd3 0-0 9. Qc2 Re8 10. Nge2 Nbd7 11. 0-0 Nh5 12. Bxe7 Qxe7 13. Rab1 Nb6 14. b4 a6 15. a4 Bd7 16. a5 Nc8 17. Na4 Nd6 18. Nc5 Rad8 19. Rbe1 g6 20. Nc1 Qg5 21. N1b3 Bc8 22. Kh1 Ng7 23. Nd2 Bf5 24. Nf3 Bxd3 25. Qxd3 Qf5 26. Qb3 Kh7 27. Ne5 f6 28. Nf3 Re7 29. Nd2 Rde8 30. Qb1 1/2-1/2

[Event "World-chT Rapid"]
[Site "Dusseldorf"]
[Date "2023.08.26"]
[Round "1.4"]
[White "Fromm, Marius"]
[Black "Sargissian, Gabriel"]
[Result "1/2-1/2"]
[WhiteElo "2458"]
[BlackElo "2692"]
[PlyCount "129"]
[EventDate "2023.08.26"]
[EventType "team-swiss (rapid)"]
[EventRounds "12"]
[EventCountry "GER"]
[SourceTitle "CBM 215 Extra"]
[Source "ChessBase"]
[SourceDate "2023.09.30"]
[SourceVersion "1"]
[SourceVersionDate "2023.09.30"]
[SourceQuality "1"]
[WhiteTeam "Kiel Doppelbauer"]
[BlackTeam "Armenia"]
[WhiteTeamCountry "GER"]
[BlackTeamCountry "ARM"]

1. e4 e5 2. Nf3 Nc6 3. Bc4 Nf6 4. d3 Bc5 5. 0-0 d6 6. c3 a5 7. Re1 0-0 8. h3 Be6 9. Bb5 Ne7 10. d4 Bb6 11. Nbd2 Ng6 12. Nf1 c6 13. Bd3 Nh5 14. Bc2 Nhf4 15. Be3 Bc7 16. Ng3 Re8 17. a4 Nh4 18. Bxf4 exf4 19. Nh5 Ng6 20. Qd2 Bd7 21. Nxf4 Qf6 22. Nh5 Qe7 23. Bb3 h6 24. Nf4 Qf6 25. Nh5 Qe7 26. Re2 Rf8 27. Rae1 Rae8 28. e5 dxe5 29. dxe5 Be6 30. Bxe6 fxe6 31. Re4 Rf5 32. Ng3 Rxf3 33. gxf3 Rf8 34. f4 Qf7 35. f5 exf5 36. e6 Qe7 37. Rd4 Ne5 38. Kg2 c5 39. Rd5 f4 40. Rdxe5 Bxe5 41. Rxe5 fxg3 42. fxg3 Qf6 43. Qe2 Qe7 44. Re3 b6 45. Kh2 Rf6 46. Re4 Rf8 47. h4 Rf6 48. Kg2 Rf8 49. Qg4 Rf6 50. Re2 Qb7+ 51. Qe4 Qxe4+ 52. Rxe4 Kf8 53. e7+ Ke8 54. g4 Rd6 55. Kf3 Rd2 56. Kf4 Rf2+ 57. Ke5 Kxe7 58. b4 cxb4 59. cxb4 axb4 60. Rxb4 Rf6 61. g5 hxg5 62. hxg5 Rg6 63. Kf5 Rc6 64. Re4+ Kf7 65. Rb4 1/2-1/2

[Event "World-chT Rapid"]
[Site "Dusseldorf"]
[Date "2023.08.26"]
[Round "2.4"]
[White "Sargissian, Gabriel"]
[Black "Rodshtein, Maxim"]
[Result "1/2-1/2"]
[WhiteElo "2692"]
[BlackElo "2606"]
[PlyCount "59"]
[EventDate "2023.08.26"]
[EventType "team-swiss (rapid)"]
[EventRounds "12"]
[EventCountry "GER"]
[SourceTitle "CBM 215 Extra"]
[Source "ChessBase"]
[SourceDate "2023.09.30"]
[SourceVersion "1"]
[SourceVersionDate "2023.09.30"]
[SourceQuality "1"]
[WhiteTeam "Armenia"]
[BlackTeam "Rishon Le Zion"]
[WhiteTeamCountry "ARM"]
[BlackTeamCountry "ISR"]

1. d4 Nf6 2. c4 e6 3. Nf3 d5 4. g3 Bb4+ 5. Bd2 Be7 6. Bg2 c6 7. Qc2 Nbd7 8. 0-0 0-0 9. Bf4 b6 10. Nbd2 Bb7 11. e4 Nh5 12. Be3 Nhf6 13. e5 Ng4 14. Bf4 g5 15. Be3 c5 16. h3 Nxe3 17. fxe3 Rc8 18. Nh2 cxd4 19. exd4 Qc7 20. Rae1 dxc4 21. Bxb7 Qxb7 22. Ne4 Qd5 23. Nf3 f5 24. exf6 Bxf6 25. Kh2 Kh8 26. Nc3 Qc6 27. Ne4 Qd5 28. Nc3 Qc6 29. Ne4 Qd5 30. Nc3 1/2-1/2

[Event "Tashkent Kasimdzhanov Cup-B 1st"]
[Site "Tashkent"]
[Date "2023.03.29"]
[Round "7"]
[White "Sargissian, Gabriel"]
[Black "Donchenko, Alexander"]
[Result "1/2-1/2"]
[WhiteElo "2628"]
[BlackElo "2590"]
[PlyCount "60"]
[EventDate "2023.03.28"]
[EventType "tourn"]
[EventRounds "9"]
[EventCountry "UZB"]
[EventCategory "7"]
[SourceTitle "CBM 213 Extra"]
[Source "ChessBase"]
[SourceDate "2023.05.31"]
[SourceVersion "1"]
[SourceVersionDate "2023.05.31"]
[SourceQuality "1"]

1. d4 Nf6 2. c4 e6 3. Nf3 d5 4. g3 dxc4 5. Bg2 a6 6. 0-0 Nc6 7. Bg5 Be7 8. e3 Bd7 9. Qe2 b5 10. b3 cxb3 11. axb3 h6 12. Bxf6 Bxf6 13. Nbd2 0-0 14. Ne4 Be7 15. Rfc1 Nb4 16. Ne5 Ra7 17. Nc5 Be8 18. Qd2 a5 19. Nb7 Qb8 20. Nc5 c6 21. Ned3 Nxd3 22. Nxd3 a4 23. bxa4 bxa4 24. Nc5 e5 25. Nxa4 exd4 26. exd4 Bd7 27. Nc5 Bf6 28. Rxa7 Qxa7 29. Nxd7 Qxd7 30. Bxc6 Qxd4 1/2-1/2

[Event "Tashkent Kasimdzhanov Cup-B 1st"]
[Site "Tashkent"]
[Date "2023.03.28"]
[Round "3"]
[White "Sargissian, Gabriel"]
[Black "Saydaliev, Saidakbar"]
[Result "1-0"]
[WhiteElo "2628"]
[BlackElo "2276"]
[PlyCount "77"]
[EventDate "2023.03.28"]
[EventType "tourn"]
[EventRounds "9"]
[EventCountry "UZB"]
[EventCategory "7"]
[SourceTitle "CBM 213 Extra"]
[Source "ChessBase"]
[SourceDate "2023.05.31"]
[SourceVersion "1"]
[SourceVersionDate "2023.05.31"]
[SourceQuality "1"]

1. Nf3 Nf6 2. c4 e6 3. d4 d5 4. Nc3 a6 5. e3 dxc4 6. Bxc4 c5 7. 0-0 b5 8. Be2 Bb7 9. dxc5 Bxc5 10. Qxd8+ Kxd8 11. Nd2 Nbd7 12. Nb3 Bb6 13. a4 b4 14. a5 Bc7 15. Na4 Ne4 16. f3 Bd5 17. Nd4 Nd6 18. e4 Bb7 19. Bg5+ Ke8 20. Nb3 f5 21. Rac1 Bd8 22. Bxd8 Kxd8 23. Rfd1 Ke7 24. e5 Nc8 25. Rc7 Bd5 26. Nbc5 Ra7 27. Rxd7+ Rxd7 28. Nxd7 Kxd7 29. Bxa6 Ne7 30. Nb6+ Kc7 31. Rc1+ Kb8 32. Bb5 Rd8 33. Nd7+ Ka8 34. Rc7 Nc8 35. Rxc8+ Rxc8 36. Nb6+ Kb8 37. Nxc8 Kxc8 38. f4 Kc7 39. Kf2 1-0

[Event "EU-ch 23rd"]
[Site "Vrnjacka Banja"]
[Date "2023.03.12"]
[Round "10"]
[White "Sargissian, Gabriel"]
[Black "Murzin, Volodar"]
[Result "1/2-1/2"]
[WhiteElo "2699"]
[BlackElo "2554"]
[PlyCount "114"]
[EventDate "2023.03.03"]
[EventType "swiss"]
[EventRounds "11"]
[EventCountry "SRB"]
[SourceTitle "CBM 213"]
[Source "ChessBase"]
[SourceDate "2023.04.30"]
[SourceVersion "1"]
[SourceVersionDate "2023.04.30"]
[SourceQuality "1"]

1. d4 d5 2. c4 c6 3. Nf3 Nf6 4. Nc3 e6 5. Bg5 Nbd7 6. cxd5 exd5 7. Qc2 Be7 8. e3 0-0 9. Bd3 h6 10. Bh4 Re8 11. 0-0 Ne4 12. Bxe4 Bxh4 13. Bh7+ Kh8 14. Nxh4 Qxh4 15. Bd3 Qe7 16. Rfe1 Nf6 17. f3 Bd7 18. Rad1 c5 19. Bf1 Bc6 20. dxc5 Qxc5 21. Qd3 Re5 22. Qd4 Qe7 23. Bd3 Re8 24. Qxa7 Qb4 25. Re2 b6 26. Qa3 Qxa3 27. bxa3 Ra8 28. Bc2 Rxa3 29. Bb3 Ra5 30. Kf2 Re8 31. Rc2 Rc5 32. Rd4 Rc8 33. Ke2 Bb5+ 34. Nxb5 Rxc2+ 35. Bxc2 Rxc2+ 36. Rd2 Rc5 37. Nd4 Ra5 38. Kd1 Ra3 39. Nb3 Kg8 40. Kc1 Kf8 41. Kb2 Ra8 42. Rd3 Ke7 43. Nd4 Ne8 44. Nb5 Ke6 45. Kb3 Rc8 46. Rc3 Rxc3+ 47. Kxc3 Kd7 48. g4 Nd6 49. Nxd6 Kxd6 50. Kd4 g6 51. h4 f5 52. a4 h5 53. gxh5 gxh5 54. f4 Ke6 55. Kd3 Kd6 56. Kc2 Kc6 57. Kd3 Kd7 1/2-1/2

[Event "EU-ch 23rd"]
[Site "Vrnjacka Banja"]
[Date "2023.03.10"]
[Round "8"]
[White "Sargissian, Gabriel"]
[Black "Bernadskiy, Vitaliy"]
[Result "1/2-1/2"]
[WhiteElo "2699"]
[BlackElo "2611"]
[PlyCount "110"]
[EventDate "2023.03.03"]
[EventType "swiss"]
[EventRounds "11"]
[EventCountry "SRB"]
[SourceTitle "CBM 213"]
[Source "ChessBase"]
[SourceDate "2023.04.30"]
[SourceVersion "1"]
[SourceVersionDate "2023.04.30"]
[SourceQuality "1"]

1. Nf3 c5 2. c4 Nc6 3. Nc3 e5 4. e3 f5 5. d4 e4 6. d5 exf3 7. dxc6 dxc6 8. Qxd8+ Kxd8 9. gxf3 Be6 10. b3 Nf6 11. Bb2 Ke8 12. Ne2 Kf7 13. 0-0-0 Be7 14. Nf4 Rhd8 15. h4 Rxd1+ 16. Kxd1 Bd6 17. Nxe6 Kxe6 18. h5 Be5 19. Bc1 g5 20. hxg6 hxg6 21. Bd3 Ng8 22. f4 Bf6 23. Ba3 b6 24. b4 cxb4 25. Bxb4 c5 26. Bd2 Ne7 27. Be2 Rh8 28. Rxh8 Bxh8 29. Bf3 Bf6 30. Bb7 Kd6 31. Kc2 Kc7 32. Ba6 Nc6 33. a3 Bh4 34. f3 Bf6 35. Bb5 Kd6 36. Be1 Bg7 37. Bc3 Bxc3 38. Kxc3 Ne7 39. Kd3 Ke6 40. Be8 Kf6 41. e4 fxe4+ 42. fxe4 g5 43. Ke3 gxf4+ 44. Kxf4 Ke6 45. e5 b5 46. cxb5 Nd5+ 47. Ke4 Nc3+ 48. Kd3 Na4 49. Kc4 Kxe5 50. b6 Nxb6+ 51. Kxc5 Ke6 52. Bb5 Ke7 53. Kc6 Kd8 54. Kb7 Nd5 55. Kxa7 Kc7 1/2-1/2

[Event "EU-ch 23rd"]
[Site "Vrnjacka Banja"]
[Date "2023.03.04"]
[Round "2"]
[White "Sargissian, Gabriel"]
[Black "Parkhov, Yair"]
[Result "1-0"]
[WhiteElo "2699"]
[BlackElo "2485"]
[PlyCount "111"]
[EventDate "2023.03.03"]
[EventType "swiss"]
[EventRounds "11"]
[EventCountry "SRB"]
[SourceTitle "CBM 213"]
[Source "ChessBase"]
[SourceDate "2023.04.30"]
[SourceVersion "1"]
[SourceVersionDate "2023.04.30"]
[SourceQuality "1"]

1. Nf3 d5 2. d4 Nf6 3. c4 e6 4. Nc3 Bb4 5. Qa4+ Nc6 6. e3 0-0 7. Qc2 Na5 8. c5 b6 9. Bd2 Nc4 10. a3 Nxd2 11. Nxd2 Bxc3 12. Qxc3 a5 13. Rc1 Ba6 14. cxb6 cxb6 15. Bxa6 Rxa6 16. 0-0 Ra8 17. Rc2 Rc8 18. Qb3 Rxc2 19. Qxc2 Ne8 20. Rc1 Nd6 21. Qb3 Qb8 22. Rc6 b5 23. a4 Nc4 24. Nxc4 bxc4 25. Qb6 h6 26. g3 g6 27. Kf1 Kg7 28. Ke1 g5 29. Qb5 Qxb5 30. axb5 Kf6 31. Kd2 Rb8 32. Rc5 g4 33. e4 dxe4 34. Kc3 Ke7 35. Kxc4 Kd6 36. Kb3 Kd7 37. Ka4 f5 38. Kxa5 Ra8+ 39. Kb4 Rb8 40. Rc6 f4 41. gxf4 h5 42. Rc5 Rf8 43. b6 Rxf4 44. Rc2 e5 45. b7 Rf8 46. Kb5 exd4 47. Kb6 d3 48. Rc7+ Ke6 49. Rc8 Rxf2 50. b4 d2 51. b8Q d1Q 52. Rc6+ Kf5 53. Rc5+ Kg6 54. Qg8+ Kf6 55. Qg5+ Kf7 56. Rc7+ 1-0

[Event "Wch Blitz"]
[Site "Almaty"]
[Date "2022.12.30"]
[Round "18"]
[White "Kadric, Denis"]
[Black "Sargissian, Gabriel"]
[Result "1/2-1/2"]
[WhiteElo "2657"]
[BlackElo "2559"]
[PlyCount "67"]
[EventDate "2022.12.29"]
[EventType "swiss (blitz)"]
[EventRounds "21"]
[EventCountry "KAZ"]
[SourceTitle "CBM 212"]
[Source "ChessBase"]
[SourceDate "2023.02.28"]
[SourceVersion "1"]
[SourceVersionDate "2023.02.28"]
[SourceQuality "1"]

1. e4 e5 2. Nf3 Nc6 3. Bc4 Nf6 4. d3 Bc5 5. 0-0 d6 6. c3 a5 7. Re1 Ba7 8. Nbd2 0-0 9. h3 Be6 10. Bb5 Bd7 11. Ba4 Ne7 12. Bc2 Ng6 13. d4 b5 14. Nf1 a4 15. Ng3 Re8 16. Be3 c5 17. dxe5 dxe5 18. c4 a3 19. cxb5 axb2 20. Rb1 Bxb5 21. Rxb2 Bc6 22. Nd2 Bb6 23. Nc4 Ba5 24. Nxa5 Qxa5 25. Qc1 c4 26. Bb1 Rec8 27. Bd2 Qa3 28. Rb4 Bd7 29. Rxc4 Rxc4 30. Qxc4 Be6 31. Qc3 Qxc3 32. Bxc3 Bxa2 33. Bxa2 Rxa2 34. Ra1 1/2-1/2

[Event "Wch Blitz"]
[Site "Almaty"]
[Date "2022.12.30"]
[Round "14"]
[White "Sargissian, Gabriel"]
[Black "Pranav, V."]
[Result "0-1"]
[WhiteElo "2559"]
[BlackElo "2440"]
[PlyCount "86"]
[EventDate "2022.12.29"]
[EventType "swiss (blitz)"]
[EventRounds "21"]
[EventCountry "KAZ"]
[SourceTitle "CBM 212"]
[Source "ChessBase"]
[SourceDate "2023.02.28"]
[SourceVersion "1"]
[SourceVersionDate "2023.02.28"]
[SourceQuality "1"]

1. d4 Nf6 2. Nf3 e6 3. c4 b6 4. g3 Ba6 5. b3 Bb7 6. Bg2 Bb4+ 7. Bd2 a5 8. 0-0 0-0 9. Bf4 a4 10. bxa4 d6 11. a3 Ba5 12. d5 e5 13. Bd2 Bxd2 14. Nfxd2 Nbd7 15. Nc3 Nc5 16. Qc2 Bc8 17. Nb3 Nxa4 18. Nxa4 Rxa4 19. Nd4 Bd7 20. Nb5 Qa8 21. e4 Qa5 22. Rab1 h6 23. Rb3 Ra8 24. h3 Bxb5 25. cxb5 Ra7 26. Kh2 Rxa3 27. Rxa3 Qxa3 28. Rb1 Nd7 29. Qc6 Nf6 30. Rc1 Qb2 31. Rc2 Qd4 32. Re2 g6 33. Qc2 Kg7 34. Rd2 Qb4 35. Qd3 Ra3 36. Qe2 Nd7 37. Rb2 Rb3 38. Rxb3 Qxb3 39. h4 h5 40. Qd2 Qxb5 41. Qg5 Nf6 42. Qc1 Qc5 43. Qb2 b5 0-1

[Event "Wch Blitz"]
[Site "Almaty"]
[Date "2022.12.30"]
[Round "17"]
[White "Sargissian, Gabriel"]
[Black "Urazayev, Arystanbek"]
[Result "1/2-1/2"]
[WhiteElo "2559"]
[BlackElo "2464"]
[PlyCount "56"]
[EventDate "2022.12.29"]
[EventType "swiss (blitz)"]
[EventRounds "21"]
[EventCountry "KAZ"]
[SourceTitle "CBM 212"]
[Source "ChessBase"]
[SourceDate "2023.02.28"]
[SourceVersion "1"]
[SourceVersionDate "2023.02.28"]
[SourceQuality "1"]

1. d4 d5 2. c4 e6 3. Nc3 Nf6 4. cxd5 exd5 5. Bg5 c6 6. e3 Bd6 7. Bd3 0-0 8. Nf3 Be6 9. Qc2 h6 10. Bf4 Re8 11. Ne5 c5 12. 0-0 cxd4 13. exd4 Nc6 14. Nb5 Nb4 15. Qd2 Nxd3 16. Qxd3 Bb8 17. Rfe1 Ne4 18. Nc3 Nxc3 19. bxc3 Bd6 20. Qg3 Qf6 21. Re3 Bf5 22. Rae1 Re7 23. Ng4 Bxg4 24. Bxd6 Rxe3 25. Rxe3 Qg6 26. h3 Bd7 27. Qf4 Qf5 28. Qh4 Re8 1/2-1/2

[Event "Wch Blitz"]
[Site "Almaty"]
[Date "2022.12.29"]
[Round "7"]
[White "Asadli, Vugar Afgan Oglu"]
[Black "Sargissian, Gabriel"]
[Result "1/2-1/2"]
[WhiteElo "2635"]
[BlackElo "2559"]
[PlyCount "35"]
[EventDate "2022.12.29"]
[EventType "swiss (blitz)"]
[EventRounds "21"]
[EventCountry "KAZ"]
[SourceTitle "CBM 212"]
[Source "ChessBase"]
[SourceDate "2023.02.28"]
[SourceVersion "1"]
[SourceVersionDate "2023.02.28"]
[SourceQuality "1"]

1. e4 e5 2. Nf3 Nc6 3. Bb5 a6 4. Ba4 Nf6 5. Nc3 b5 6. Bb3 Bc5 7. 0-0 d6 8. Nd5 0-0 9. c3 Nxd5 10. Bxd5 Bd7 11. d4 Bb6 12. Bg5 Qe8 13. Re1 Rb8 14. a3 Bg4 15. Bxc6 Qxc6 16. dxe5 Bxf3 17. Qxf3 dxe5 18. Rad1 1/2-1/2